000 00511nam a2200181Ia 4500
005 20250508150944.0
008 008 250505s9999 xx 000 0 eng d
037 _aTextual
040 _aFEDL
_beng
_cFEDL
041 _aeng
_2eng
084 _a371.7, BUC
_qFEDL
100 _aBuckley Horace Mann etal...
_9758037
245 0 _aRoad to safety: Away we go
260 _aNew York, USA
_bAmerican Book Company
_c1938
300 _a56p.
942 _cTEXL
_h371.7, BUC
999 _c1326713
_d1326713